1001 tipů a triků pre SQL [sbírka nejlepších programátorských postupů a řešení]

Salvato in:
Dettagli Bibliografici
Autore principale: Lacko, Luboslav
Natura: Libro
Lingua:ceco
Pubblicazione: Brno Computer Press, a.s. 2011
Soggetti:
Tags: Aggiungi Tag
Nessun Tag, puoi essere il primo ad aggiungerne!!

MARC

LEADER 00000nam a2200000 4500
001 0157195
005 20221207095257.6
020 |a 978-80-251-3010-0 
041 0 |a cze 
044 |a CZ 
245 1 0 |a 1001 tipů a triků pre SQL  |b [sbírka nejlepších programátorských postupů a řešení]  |c Luboslav Lacko 
264 1 |a Brno  |b Computer Press, a.s.  |c 2011 
300 |a 416 s.  |e CD-ROM 
610 2 0 |a jazyky programovacie 
610 2 0 |a programovanie počítačov 
610 2 0 |a softvér 
100 1 |a Lacko, Luboslav